| 000 | 03530nam a22003257a 4500 | ||
|---|---|---|---|
| 003 | DO-SdBNP | ||
| 005 | 20210805131730.0 | ||
| 008 | 210721b 2020 dr a 00| 0 eng d | ||
| 020 | _a9789945613711 | ||
| 040 |
_aDO-SdBNP _bspa _cBNPHU |
||
| 082 |
_a305.420951 _bS195m 2020 _222 |
||
| 100 | 1 |
_aSang Ben, Mu-Kien Adriana, _d1955- |
|
| 245 | 1 | 0 |
_aLa mujer china : _bdel dolor a la esperanza / _cMu-Kien Adriana Sang Ben ; prólogo I : Ramón Arturo ; prólogo II : Muyien Sang de Suárez ; cuidado de edición : Daniel García. |
| 260 |
_aSanto Domingo : _bArchivo General de la Nación, _c2020. |
||
| 300 |
_a264 p. : _bil. ; _c23 cm. |
||
| 490 | 0 |
_aArchivo General de la Nación ; _v401 |
|
| 500 | _aIncluye datos biográficos de la autora en las solapas | ||
| 500 | _aIncluye referencias bibliográficas y notas al pie de las páginas. | ||
| 504 | _aBibliografía : p. 257-261 | ||
| 505 | 0 | _aPrólogo I. Desde Panamá un hijo de migrantes / Ramón Arturo -- Prólogo II. Una mirada desde la familia / Muyien Sang de Suárez .-- Un preámbulo necesario -- Primera parte. Exclusión: bases filosóficas, culturales e históricas. Capítulo I. ¿Por qué esa cruel exclusión y sometimiento? Apuntes para comprender su base filosófica y cultural -- Lijing, el libro de los ritos -- El NE I ZE o El modelo familiar -- Shïjïng, el Libro de la poesía. La exclusión vertida de versos -- Capítulo II. El largo y abrupto camino hacia la libertad -- Se inicia el camino del cambio, 86.-- Las mui tsai, un drama ancestral, 90.-- Grandes obstáculos en el camino de la liberación, 93.-- El papel de la Federación de Mujeres Chinas -- Feminismo y realidad de la mujer china en el siglo XXI -- Segunda parte. Las novelas desnudan la cruda realidad. Capítulo III. El drama novelado, 111.-- Y desde siempre: La soledad, 116.-- La incertidumbre del amor -- Silencio y obediencia -- Los lotos dorados. La poesía del infierno -- El matrimonio: el otro camino de la esclavitud -- La pasividad femenina en la creación de lluvias y estrellas -- Morir de amor -- La resistencia silenciosa Las laotang y el nüshu -- Laotong o las hermanas del alma -- El nüshu (女书) El lenguaje secreto de las mujeres -- Capítulo IV. La ruptura obligada con el pasado. Voces desde la novela -- La ambición imperial japonesa -- Las mujeres migran, lloran y recuerdan -- La cultura occidental penetra en China -- Inicia la rebeldía contra las tradiciones de exclusión y sometimiento de la mujer china -- Prosperidad construida y destruida -- La guerra... la huida -- La larga y trágica huida hacia un sueño irreal -- La llegada: la sorpresa, el estigma y el rechazo -- El drama, el dolor y los secretos de las mujeres migrantes -- Secretos de la otra vida -- Los conflictos con los frutos de sus vientres -- Capítulo V. Desde la profundidad de mi alma -- Anexos. Anexo I. Explorando mis raíces, Julia Hernández Sang -- Anexo II. Festividades chinas -- Comienza el Festival de la primavera -- Celebraciones de vida y muerte -- Referencias -- Bibliográficas -- Hemerográficas -- Internet. | |
| 590 | _aInventariado, 2021 /VM | ||
| 650 | 4 |
_aMujeres _xCondiciones sociales _zChina _vEnsayos, conferencias, etc.. |
|
| 650 | 4 |
_aMujeres en el desarrollo _zChina _vEnsayos, conferencias, etc.. _x |
|
| 651 | 4 |
_aChina _xEmigración e inmigración |
|
| 700 | 1 |
_aRamón Arturo, _eprólogo I |
|
| 700 | 1 |
_aSang de Suárez, Muyien, _eprólogo II |
|
| 700 | 1 |
_aGarcía, Daniel, _ecuidado de edición |
|
| 910 | _aVMateo V. | ||
| 942 |
_2ddc _cBK |
||
| 999 |
_c13629 _d13629 |
||